000 00363nam a2200145Ia 4500
003 GCL
008 140319s9999 xx 000 0 eng d
040 _aGCL /
_cGCL
082 0 4 _a536.7
_bF T
100 1 _aFINN, C.B.P.
245 1 0 _aTHERMAL PHYSICS /
_cFINN, C.B.P.
260 _a[S.N] :
_bCHAPMAN & HALL ،
_c1993
650 0 4 _aTHERMODYNAMICS
942 _2ddc
_cBK
999 _c17524
_d17524